Legal word: Thoughts and essays (Record no. 396303)

MARC details
000 -LEADER
fixed length control field 00506 a2200193 4500
005 - DATE & TIME
control field 20260226131854.0
008 - FIXED-LENGTH DATA ELEMENTS--GENERAL INFORMATION
fixed length control field 260225b |||||||| |||| 00| 0 eng d
020 ## - ISBN
International Standard Book Number 9788197761928
Price Rs. 1549.00
040 ## - CATALOGING SOURCE
Original cataloging agency VIVEKANANDA LIBRARY
082 ## - DDC NUMBER
Classification number 340.14
Book Number P192L
100 ## - MAIN ENTRY--PERSONAL NAME
Personal name Pande, Smita
245 ## - TITLE STATEMENT
Title Legal word: Thoughts and essays
260 ## - PUBLICATION, DISTRIBUTION, ETC. (IMPRINT)
Name of publisher, distributor, etc Kabdwal Book International
Date of publication, distribution, etc 2024
Place of publication, distribution, etc Mumbai
300 ## - PHYSICAL DESCRIPTION
Pages xviii, 522
650 ## - Subject
Subject Legal Writing
650 ## - Subject
Subject Law-Language
650 ## - Subject
Subject Legal Composition
942 ## - ADDED ENTRY ELEMENTS (KOHA)
Koha item type Books
Holdings
Withdrawn status Lost status Source of classification or shelving scheme Damaged status Not for loan Location (home branch) Sublocation or collection (holding branch) Shelving location Date acquired Koha issues (times borrowed) Koha full call number Accession No. Koha date last seen Koha item type
    Dewey Decimal Classification     VIVEKANANDA LIBRARY VIVEKANANDA LIBRARY Law Library 19/02/2026   340.14 P192L 377932 19/02/2026 Books
    Dewey Decimal Classification     VIVEKANANDA LIBRARY VIVEKANANDA LIBRARY Law Library 19/02/2026   340.14 P192L 377931 19/02/2026 Books
    Dewey Decimal Classification     VIVEKANANDA LIBRARY VIVEKANANDA LIBRARY Law Library 19/02/2026   340.14 P192L 377933 19/02/2026 Books
© Designed and Maintained by Vivekananda Library, MDU Rohtak